'Sporcle' Keymaster Quiz Stats

 Plays Quiz Updated Jul 6, 2018

Challenge
Share
Tweet
Embed
Score 0/32 Timer 06:00
0 Plays Today
% Correct
CATEGORY 1: Countries of the World
98.5%
Samoa...
98%
Peru, ...
97%
China, ...
94.6%
Luxembourg, ...
92.3%
Russia, ...
91.9%
Egypt, ...
91%
CATEGORY 2: 'Big 4' N. American Sports Teams
87.1%
Oman
84.4%
Patriots, ...
79.6%
Reds, ...
79.1%
Steelers, ...
78.2%
Cardinals, ...
76.9%
CATEGORY 3: Chemical Elements
75.9%
Lakers, ...
73.7%
Carbon, ...
73.2%
% Correct
Sodium, ...
72.6%
Phosphorus, ...
71.1%
Oxygen, ...
71%
Lithium, ...
69.5%
CATEGORY 4: Disney Animated Movies
69.3%
Radon, ...
69.2%
Orioles, ...
68.8%
Eagles
64.7%
Sleeping Beauty, ...
59.1%
Little Mermaid, ...
57.9%
Peter Pan, ...
56.9%
Cinderella, ...
49.3%
Einsteinium, ...
48.1%
Robin Hood, ...
37.3%
Oliver & Company, ...
26.7%
The Emperor's New Groove
20.2%

You're not logged in!

Compare scores with friends on all Sporcle quizzes.
OR
Log In

You Might Also Like...

Show Comments

Extras

Top Quizzes Today


Score Distribution

Your Account Isn't Verified!

In order to create a playlist on Sporcle, you need to verify the email address you used during registration. Go to your Sporcle Settings to finish the process.

Report this User

Report this user for behavior that violates our Community Guidelines.

Details: